History of Brazil - Statistics

General Stats
  • This quiz has been taken 36 times
  • The average score is 11 of 17
Answer Stats
Hint Answer % Correct
the continent from which the workforce was brought to the Brazilian plantations Africa
93%
great sports events taking place in Brazil in the 2010s World Cup
86%
valuable metal discovered in the early 18th century gold
82%
son of the above and first emperor of Brazil Pedro I
82%
the capital of the colony from 1763 Rio de Janeiro
82%
Summer Olympics
82%
first female president (2011–2016) Dilma Rousseff
79%
source of the largest number of European immigrants in the 19th century (not counting Portugal) Italy
79%
Portuguese sailor who discovered Brazil for Europeans Pedro Álvares Cabral
75%
president and dictator during WWII Getúlio Vargas
64%
first president of Brazil (1889) Deodoro da Fonseca
54%
the practice of colonizers against which the Tamoio uprising broke out in 1554 slavery
46%
the main crop in the 17th century, brought from Madeira sugarcane
43%
Portuguese king who took refuge in Brazil during the Napoleonic Wars John VI
39%
first European name of Brazil Santa Cruz
39%
an island in the Amazon delta, a place of development of pre-Columbian civilization Marajó
32%
order responsible for the Christianization of the region Society of Jesus
7%
No matching quizzes found
Score Distribution
Percent of People with Each Score
Percentile by Number Answered
Your Score History
You have not taken this quiz